000 00832nam a22002417a 4500
008 140325t2011 at adk frb 001 0 eng d
020 _a9780538743389
020 _a0538743387
082 0 0 _222
_a658.301
_bMEL
100 1 _aMello, Jeffrey A.
_935777
245 1 0 _aStrategic management of human resources /
_cJeffrey A. Mello.
250 _a3rd ed., international ed.
260 _a[Canberra] :
_bSouth-Western Cengage Learning,
_cc.2011
_e([Beijing])
300 _axix, 688 p. :
_bcharts, forms, tables ;
_c26 cm.
500 _aIncludes indexes.
504 _aIncludes bibliographical references.
504 _aBibliography : p. 669- 677.
650 0 _91643
_aStrategic planning
650 0 _9994
_aPersonnel management
653 _bBUSADM
_cMarch2014
_cMarch2015
655 _vtext book
_933728
942 _2ddc
_k658.301 MEL
999 _c18168
_d18140